000 00387nam a2200169Ia 4500
008 230524s9999 xx 000 0 und d
020 _a0074600559
082 _a4
_bBAL
100 _aE.Balagurusamy
245 0 _aProgramming in Basic
250 _a3RD
260 _aNEW DELHI
_bTMH
_c1998
300 _aXIII;317
500 _aQuantity Number: 3
650 _aComp-Sc
942 _cBK
999 _c22413
_d22413